Kataster nehnuteľností v Slovenskej republike a v Českej republike

Uložené v:
Podrobná bibliografia
Hlavný autor: Habšudová, Lucia, 1991- (Autor)
Ďalší autori: Nemcová, Petra, 1987- (Vedúci práce)
Médium: Rukopis Kniha
Jazyk:Slovak
Vydavateľské údaje: Bratislava : STU v Bratislave SvF, 2014
Predmet:
On-line prístup:VAIS
Tagy: Pridať tag
Žiadne tagy, Buďte prvý, kto otaguje tento záznam!

MARC

LEADER 00000ntm a22000003a 4500
001 stu297543
005 20150617230309.7
008 140919s2014----xo------------------slo-d
040 |a STU  |b slo 
041 0 |a slo 
044 |a xo 
100 1 |a Habšudová, Lucia,  |d 1991-  |4 aut  |u V  |T SvF Stavebná fakulta  |X 9475  |U V  |Y 10  |7 A000009475 
242 0 0 |a Land register of Slovak republic and Czech republic  |y eng 
245 1 |a Kataster nehnuteľností v Slovenskej republike a v Českej republike 
260 |a Bratislava :  |b STU v Bratislave SvF,  |c 2014 
650 7 |a geodézia a kartografia  |2 stusub 
650 7 |a Geodesy and Cartography  |2 estusub 
650 7 |a cadastral map  |2 estusub 
650 7 |a land register  |2 estusub 
650 7 |a kataster nehnuteľností  |2 stusub 
700 1 |a Nemcová, Petra,  |d 1987-  |4 ths  |u V210  |U SvF Stavebná fakulta  |T SvF Katedra mapovania a pozemkových úprav  |X 28362  |U V210  |Y 22  |7 A000028362 
856 4 |a info a plný text  |u http://is.stuba.sk/zp/portal_zp.pl?podrobnosti=89735  |3 VAIS